| 000 | 01330nam a22003257a 4500 | ||
|---|---|---|---|
| 005 | 2010091802302.0 | ||
| 008 | 100915t xxu||||| |||| 00| 0 hin d | ||
| 010 | _aHIN-91995 | ||
| 020 |
_c400.00 _a8179000788 |
||
| 035 | _aHN-64341 | ||
| 037 | _bDBAD / PUB | ||
| 040 |
_aDPL _bHN |
||
| 082 | _a822 | ||
| 100 |
_920178 _aचोपड़ा, मोहन |
||
| 110 | _926418 | ||
| 245 |
_aतीन नाटक / _cमोहन चोपड़ा |
||
| 246 |
_aTeen natak _bby mohan chopra |
||
| 260 |
_aनई दिल्ली _bएम. एन. पब्लिशर्स एण्ड डिस्ट्रीब्यूटर्स _c2011 |
||
| 270 |
_aW-112,ग्रेटर कैलाश-1, _bनई दिल्ली _e110048 |
||
| 300 |
_a280पृ. _c22सेमी (सजिल्द) |
||
| 500 | _aसमय के स्वर, चट्टान का फूल, आंधी और घर | ||
| 600 |
_926453 _aहिन्दी नाटक |
||
| 650 |
_91159 _aहिन्दी नाटक |
||
| 650 |
_926117 _aHindi Play |
||
| 700 | _920179 | ||
| 700 | _920333 | ||
| 700 | _920540 | ||
| 942 |
_2ddc _cHN _mचोपड़ा _h822 |
||
| 999 |
_c50950 _d50950 |
||